Internet y educación: aprendiendo y enseñando en los espacios virtuales /
| Autor principal: | |
|---|---|
| Format: | Llibre |
| Idioma: | espanyol |
| Publicat: |
Argentina :
Ediciones Horizonte,
1998
|
| Matèries: |
MARC
| LEADER | 00000nam a2200000Ia 4500 | ||
|---|---|---|---|
| 008 | 170525b1998 ag ||||| |||| 00| | spa d | ||
| 999 | |c 740 |d 740 | ||
| 020 | |a 9879694708 | ||
| 090 | |a 08.16.01 |b 1308 | ||
| 100 | 1 | |a Rey Valzacchi, Jorge |9 2861 | |
| 245 | 1 | 0 | |a Internet y educación: aprendiendo y enseñando en los espacios virtuales / |c Jorge Rey Valzacchi |
| 260 | |a Argentina : |b Ediciones Horizonte, |c 1998 | ||
| 300 | |a 352 páginas | ||
| 650 | 1 | 4 | |a INTERNET |9 350 |
| 650 | 1 | 4 | |a EDUCACIÓN |9 1 |
| 650 | 1 | 4 | |a TELECOMUNICACIONES |9 2862 |
| 942 | |i 002056 |h 08.16.01 1308 |2 z |c 01 | ||
